000 00723nam a2200205 i 4500
001 186042
003 ES-MaACL
005 20250730025328.0
008 160905s1947 sp |||| | spa d
100 1 _aNavarro Martín, Augusto.
_9160720
245 1 0 _aTuberculosis y piel /
_cpor A. Navarro Martín.
260 _aBilbao :
_bImp. Edit. Moderna,
_c1947.
300 _a175 p. ;
_c23 cm.
490 1 _aMonografías de tuberculosis y enfermedades del aparato respiratorio ;
_v8
650 0 7 _aTuberculosis
_2embne
_917658
650 0 4 _aPiel-
_xEnfermedades.
_915998
830 0 _aMonografías de tuberculosis y enfermedades del aparato respiratorio ;
_v8
_9192463
852 _aES-MaACL
_jE-4694
999 _c186042
_d186042